000 00581nam a22001577a 4500
003 OSt
005 20151101094755.0
008 151101b xxu||||| |||| 00| 0 eng d
040 _cRUA
082 _aFOR ហុង 1990 B115 Or.1
100 _93113
_aហុង, គឹមហាន
245 _aសិក្សាបច្ចេកវិទ្យាកែច្នៃនិងការថែរក្សាផលិតផលឈើនៅរោងចក្រអារឈើអ្នកលឿង
260 _aPhnom Penh
_bRUA
_c1990
300 _a170p.
_bill.
_c29cm.
942 _2ddc
_cFOR
999 _c2902
_d2902